|
|
|
|
| LEADER |
00000ny a22000003n 4500 |
| 005 |
20110527143939.0 |
| 008 |
100325s fr 000 0 fre d |
| 020 |
|
|
|a 9782743008741
|
| 035 |
|
|
|a 2287
|
| 040 |
|
|
|a BUS
|d vLex
|
| 090 |
|
|
|c 334
|d 334
|
| 100 |
1 |
|
|a Conc,̌ Marie-Catherine Chemtob
|
| 245 |
1 |
3 |
|a La Brevetabilit ̌des innovations biotechnologiques apppliquěs ̉l'homme
|h [Recurso electrn̤ico]
|c Marie-Catherine Chemtob-Conc ̌
|
| 256 |
|
|
|a Servicio en ln̕ea
|
| 260 |
|
|
|a France :
|b Lavoisier,
|c 2006
|
| 300 |
|
|
|a v.
|
| 506 |
1 |
|
|a Contenido solo disponible en los productos indicados
|d vLex Global
|d vLex Global (Academic Edition, excluding Law Schools)
|d vLex Global (U.S. Academic Edition, Law Schools)
|d vLex Global (U.S. Academic Edition, excluding Law Schools)
|d vLex Global (Academic Edition, Law Schools)
|
| 650 |
0 |
7 |
|a Biotecnologa̕
|2 Tesauro vLex
|
| 740 |
0 |
|
|a vLex Libros (Servicios en ln̕ea)
|
| 856 |
4 |
0 |
|u http://vlex.com/source/2287
|z Acceso restringido
|
| 942 |
|
|
|c BOOK
|
| 999 |
0 |
|
|a Biotechnology
|b Francia
|